Statistiques concernant Denis Villeneuve

Cliquez ici pour prendre le quiz!

Statistiques générales

  • Ce quiz a été pris 36 fois
  • Le résultat moyen est 6 sur 11

Statistiques - réponses

HintRéponse% Correct
2010Incendies
80%
2017Blade Runner 2049
77%
2013Prisoners
77%
2013Enemy
57%
2015Sicario
57%
2016Premier Contact
53%
2023Dune : Deuxième Partie
47%
2021Dune : Première Partie
47%
2009Polytechnique
37%
2000Maelström
17%
1998Un 32 août sur terre
13%

Distribution des résultats

Percentile par nombre de réponses

% des personnes avec chaque résultat

Votre développement - résultats

Vous n’avez pas pris ce quiz